Obálka
Náhled e-knihy:
PDF Epub
Pro půjčování e-knih musíte být přihlášeni.
Jak si půjčit online?

Etika, život, instituce : pokus o praktickou filosofii /

Potřeba společné etiky, přijatelné pro každého člověka, je dnes naléhavější než kdykoli dřív. Autor podává přehled hlavních směrů etického myšlení a snaží se je doplnit o nová témata odpovědnosti za život a etiky v institucích.

Uloženo v:
Hlavní autor: Sokol, Jan, 1936-2021 (Autor)
Médium: E-kniha
Jazyk:Czech
Vydáno: Praha : Vyšehrad, 2014
Vydání:Vyd. v této podobě 1.
Edice:Moderní myšlení
Témata:
On-line přístup:Obsah knihy
Tagy:
Žádné tagy
LEADER 01917nam a2200421 a 4500
001 308747
003 CZ PrSKC
005 20260601215622.0
007 ta
008 140402s2014 xr f 001 0 cze
015 |a cnb002582029 
020 |a 9788074292231  |q (brož.) :  |c Kč 268,00 
035 |a (OCoLC)879565563 
040 |a ABA001  |b cze 
072 7 |a 17  |x Etika. Morální filozofie  |2 Konspekt 
080 |a 17  |2 MRF 
080 |a (048.8)  |2 MRF 
100 1 |a Sokol, Jan,  |d 1936-2021  |7 jk01120341  |4 aut 
245 1 0 |a Etika, život, instituce :  |b pokus o praktickou filosofii /  |c Jan Sokol 
250 |a Vyd. v této podobě 1. 
260 |a Praha :  |b Vyšehrad,  |c 2014 
300 |a 260 s. ;  |c 20 cm 
490 1 |a Moderní myšlení 
504 |a Obsahuje bibliografii, bibliografické odkazy a rejstřík 
520 2 |a Potřeba společné etiky, přijatelné pro každého člověka, je dnes naléhavější než kdykoli dřív. Autor podává přehled hlavních směrů etického myšlení a snaží se je doplnit o nová témata odpovědnosti za život a etiky v institucích. 
650 0 7 |a praktická filozofie  |7 ph124545  |2 czenas 
650 0 7 |a etika  |7 ph114488  |2 czenas 
650 0 9 |a practical philosophy  |2 eczenas 
650 0 9 |a ethics  |2 eczenas 
655 7 |a monografie  |7 fd132842  |2 czenas 
655 9 |a monographs  |2 eczenas 
830 0 |a Moderní myšlení 
856 4 1 |u http://web.flu.cas.cz/scan/323504330.pdf  |y Obsah knihy  |4 N 
900 |a ABA001  |b 17 
044 |a xr 
910 |a RBIT002 
998 |d 17743  |a https://core.palmknihy.cz/api/books/17743/cover?desgnn  |b https://core.palmknihy.cz/api/books/17743/cover/400?4vn810  |c https://core.palmknihy.cz/api/books/17743/cover/50?svemci  |e 2032-03-29  |g 264  |i 9788074292231  |j https://core.palmknihy.cz/api/books/17743/preview.epub  |k https://core.palmknihy.cz/api/books/17743/preview.pdf  |l   |q 49  |r 1  |s https://www.palmknihy.cz/kniha/17743  |t ebook  |y 2014  |z 0 
999 |d 308745